| 000 | 01942nam a2200373 a 4500 | ||
|---|---|---|---|
| 999 |
_c169344 _d169344 |
||
| 003 | BLK | ||
| 005 | 20240911005419.0 | ||
| 008 | 180411b bul|||||r ||||||| ||bul|| | ||
| 010 | _aKNG00177347000 | ||
| 040 | _aBLK | ||
| 041 |
_aBUL _cBUL |
||
| 080 |
_aБелгийска литература _b821.133.1(493) _x-31 _z821.133.1(493)-31 |
||
| 080 |
_aБелгийска литература _b821.133.1(493) _x-93-31 _z821.133.1(493)-93-31 |
||
| 100 | 1 |
_aКостер, Шарл дьо _eпърви автор _9267725 |
|
| 139 |
_aКостер, Шарл дьо _bК 86 |
||
| 245 | 1 | 0 |
_aТил Уленшпигел _bРоман _cШарл дьо Костер; прев. от фр. Константин Константинов; предг. от Светослав Колев; худож. Евгений Адолфович Кибрик. |
| 250 | _a3. изд. | ||
| 257 | _aBEL | ||
| 260 |
_aСофия _bОтечество _c1980 |
||
| 300 |
_a487 с. _bс ил., портр. _c22 см |
||
| 380 | _aX | ||
| 490 |
_aСветовна класика за деца и юноши _9202177 |
||
| 500 | _aОриг. загл. La legende d'Ulenspiegel / Charles de Coster. - 1. изд. 1955 със загл. Легенда за героичните весели и славни приключения на Уленшпигел и на Ламме Гудзак във Фландрия и другаде. - 100 115 тир. | ||
| 700 |
_aКонстантинов, Константин Илиев _9364283 |
||
| 700 | 1 |
_aКолев, Светослав _eпредг. от _9367902 |
|
| 700 | 1 |
_aКибрик, Евгений Адольфович _eхудож. _9382579 |
|
| 852 | _aЦб 102237 | ||
| 856 | 4 |
_qpdf _i0.00 _ldisable |
|
| 856 | 4 |
_qpdf _i0.00 _ldisable |
|
| 942 |
_cKNG _n0 _s1 |
||
| 944 |
_aCR _c15.01.2003 _lCRON CRON _k |
||
| 944 |
_aED _c26.10.2017 _lф / _kВиолета_Тройчева |
||
| 999 | _d169344 | ||